000 00405cam a2200157ua 4500
041 _aeng
_h
082 _a664.02877
_bWER/TE
100 _aWerkhoven, J .
245 _aTea processing /
_cJ Werkhoven.
_hTextual Documents
250 _a1 /
_b.
260 _aRome :
_bFood and Agriculture organization of United States ,
_c1988.
300 _a187 ; .
504 _a
942 _cBK
999 _c8517
_d8517